Věci kolem nás

Bibliographic Details
Main Author: Čapek, Karel, 1890-1938 (Author, Illustrator, Photographer)
Other Authors: Čapek, Josef, 1887-1945 (Illustrator), Halík, Miroslav, 1901-1975 (Editor)
Format: Image
Language:Czech
Published: Praha Československý spisovatel 1954
Edition:1. vyd.
Series:Dílo bratří Čapků
Subjects:

MARC

LEADER 00000nkm a2200000 a 4500
001 vtls010070667
003 SK-MaSNL
005 20260301083547.0
008 100302s1954 xr oa 000 | cze
040 |a SNK  |b slo  |c SNK  |e AACR2 
041 0 |a cze 
044 |a xr  |c CZ 
072 7 |a 821.162.3  |x Česká literatúra  |2 konspekt 
080 |a 821.162.3-32  |2 2001 
080 |a (082.21)  |2 2001 
100 1 |a Čapek, Karel,  |d 1890-1938  |4 aut  |4 ill  |4 pht  |9 106564 
245 1 0 |a Věci kolem nás  |c s kresbami a fotografiemi Karla Čapka ; a s obrázky Josefa Čapka; k vydání připravil a poznámky sestavil Miroslav Halík 
250 |a 1. vyd. 
260 |a Praha  |b Československý spisovatel  |c 1954 
300 |a 174 s  |b ilustr. fotogr.  |c 20 cm 
490 1 |a Dílo bratří Čapků 
504 |a Poznámky 
655 7 |a české poviedky  |2 SNKPH  |9 70599 
700 1 |a Čapek, Josef,  |d 1887-1945  |4 ill  |9 106820 
700 1 |a Halík, Miroslav,  |d 1901-1975  |4 edt  |9 109800 
830 0 |a Dílo bratří Čapků  |9 400518 
852 |a Štátna vedecká knižnica v Banskej Bystrici 
999 |c 660821  |d 662751 
952 |a SNK  |b SNK  |y VYP  |7 0  |p 17A0943503  |o snkID 11943  |i snk7306/54  |0 0  |1 0  |4 0  |d 2013-05-30  |l 0  |r 2026-02-23 18:52:47  |w 2026-02-23 
952 |a SNK  |b SNK  |y VYP  |7 0  |p 17A0943483  |o snkID 11943 D1  |i snkK 4873/66  |8 3  |0 0  |1 1  |4 0  |d 2013-05-30  |l 0  |r 2026-02-23 18:52:47  |w 2026-02-23